| 000 | 00444nam a2200133Ia 4500 | ||
|---|---|---|---|
| 008 | 170221s9999 xx 000 0 und d | ||
| 100 | _aE. G. Popkova | ||
| 245 | 4 | _aThe Integration of Economic Monetary Policy Systems of West African States | |
| 245 | _cE. G. Popkova, J. O. Egbe, S. E. Akopov and S. N. Popovsky | ||
| 260 | _c2012 | ||
| 300 | _a20 : 1 | ||
| 650 | _xBusiness | ||
| 856 | _uhttp://www.scienpress.com/Upload/BEJ/Vol%201_1_1.pdf | ||
| 999 |
_c311716 _d311716 |
||